000 00660nam a2200265Ia 4500
005 20260324153408.0
008 008 260324s9999 xx 000 0 eng d
020 _a9780443184390
037 _aEBOOK
040 _aCRL
040 _beng
040 _cCRL
041 _2eng
041 _aeng
084 _qCRL
100 _aMejdi Jeguirim
245 0 _aRenewable Energy Production and Distribution Volume 2: Solutions and Opportunities
260 _bElsevier
260 _c2023
650 _aEnergy
856 _uhttps://www.sciencedirect.com/science/book/9780443184390
942 _cEBOOK
999 _c1842754
_d1842754